[Event "WYCC 2018 G18"]
[Site "Halkidiki"]
[Date "2018.10.30"]
[Round "11"]
[White "Nass, Sara"]
[Black "Perry, Tal"]
[Result "0-1"]
[WhiteElo "1986"]
[BlackElo "1702"]
[Annotator "NA"]
[PlyCount "118"]
[EventDate "2018.10.20"]
[EventType "swiss"]
[EventCountry "GRE"]
[SourceTitle "playchess.com"]
[Source "ChessBase"]
[SourceQuality "1"]
[TimeControl "40/5400+30:1800+30"]

1. e4 {[%emt 0:00:00]} e5 {[%emt 0:00:00]} 2. Nf3 {[%emt 0:00:00]} Nc6 {[%emt 0:00:00]} 3. Bb5 {[%emt 0:00:00]} a6 {[%emt 0:00:00]} 4. Ba4 {[%emt 0:00:00]} Nf6 {[%emt 0:00:00]} 5. O-O {[%emt 0:00:05]} Nxe4 {[%emt 0:00:04]} 6. d4 {[%emt 0:00:50]} b5 {[%emt 0:00:11]} 7. Bb3 {[%emt 0:04:37]} d5 {[%emt 0:00:08]} 8. Nxe5 {[%emt 0:23:26]} Nxe5 {[%emt 0:00:49]} 9. dxe5 {[%emt 0:00:06]} Be6 {[%emt 0:00:20]} 10. Nd2 {[%emt 0:08:55] C80: Open Ruy Lopez: Sidelines and 9 Nbd2} (10. Be3 Be7 11. c3 O-O 12. f3 Nc5 13. Bc2 Nd7 14. f4 f5 15. Nd2 c5 16. Nf3 Nb6 17. Bf2 Rb8 {1-0 (29) Piorun,K (2653)-Lomasov,S (2551) Batumi 2018}) 10... Nc5 {[%emt 0:01:45]} 11. f4 {[%emt 0:02:32]} g6 {[%emt 0:01:39]} 12. c3 $146 {[%emt 0:05:12]} ({Predecessor:} 12. Nf3 Ne4 13. Nd4 c5 14. f5 cxd4 15. fxe6 fxe6 16. Kh1 Qh4 17. Qf3 Be7 18. Bxd5 exd5 {1-0 (32) Salazar,A (1914)-Montoya,C (2177) Medellin 2008}) 12... Bg7 {[%emt 0:09:24]} 13. Nf3 {[%emt 0:04:25]} Nxb3 {[%emt 0:02:05]} 14. axb3 {[%emt 0:00:10]} c5 {[%emt 0:01:46]} 15. Be3 {[%emt 0:01:37]} Qe7 {[%emt 0:01:56]} 16. Qe2 {[%emt 0:07:12]} O-O {[%emt 0:00:24]} 17. Qf2 {[%emt 0:00:13]} Rfc8 {[%emt 0:01:09]} 18. Ra5 {[%emt 0:05:25]} Bf8 {[%emt 0:11:43]} 19. Rfa1 {[%emt 0:01:54]} Qb7 {[%emt 0:01:09]} 20. Ng5 {[%emt 0:06:26]} Bf5 {[%emt 0:06:56]} 21. Qh4 {[%emt 0:11:52]} h6 {[%emt 0:00:48]} 22. Nf3 {[%emt 0:00:27]} Be4 {[%emt 0:05:52]} 23. f5 {[%emt 0:07:07]} Bxf3 {[%emt 0:02:08]} 24. gxf3 {[%emt 0:00:14]} d4 {[%emt 0:04:14]} 25. Bxh6 {[%emt 0:00:51]} Qxf3 {[%emt 0:01:21]} 26. Rf1 {[%emt 0:01:14]} Qd3 {[%emt 0:08:40]} 27. Bxf8 {[%emt 0:02:42]} Rxf8 {[%emt 0:02:10]} 28. f6 {[%emt 0:01:57]} Qe3+ {[%emt 0:00:27]} 29. Kg2 {[%emt 0:03:47]} Rfe8 {[%emt 0:08:26]} 30. Qf4 {[%emt 0:01:01]} Rxe5 {[%emt 0:01:37]} 31. Qxe3 {[%emt 0:00:27]} Rxe3 {[%emt 0:00:54]} 32. cxd4 {[%emt 0:00:30]} cxd4 {[%emt 0:00:13]} 33. Rd1 {[%emt 0:00:43]} Rd8 {[%emt 0:01:36]} 34. Rxa6 {[%emt 0:00:15]} d3 {[%emt 0:03:07]} 35. Ra7 {[%emt 0:00:28]} Re2+ {[%emt 0:00:41]} 36. Kf3 {[%emt 0:00:34]} Rxb2 {[%emt 0:01:00]} 37. Ke3 {[%emt 0:00:11]} Rxb3 {[%emt 0:04:29]} 38. Rd2 {[%emt 0:00:07]} b4 {[%emt 0:03:37]} 39. Rb7 {[%emt 0:00:11]} Rd6 {[%emt 0:02:12]} 40. Rb8+ {[%emt 0:00:00]} Kh7 {[%emt 0:00:00]} 41. Rb7 {[%emt 0:01:27]} Rxf6 {[%emt 0:00:21]} 42. Rxd3 {[%emt 0:00:24]} Re6+ {[%emt 0:03:50]} 43. Kd2 {[%emt 0:00:40]} Rb2+ {[%emt 0:02:33]} 44. Kc1 {[%emt 0:01:30]} Ra2 {[%emt 0:03:35]} 45. Rxf7+ {[%emt 0:01:56]} Kg8 {[%emt 0:02:16]} 46. Kb1 {[%emt 0:01:36]} Rxh2 {[%emt 0:00:18]} 47. Rf1 {[%emt 0:00:15]} Ree2 {[%emt 0:06:48]} 48. Rd7 {[%emt 0:01:30]} Rb2+ {[%emt 0:01:01]} 49. Kc1 {[%emt 0:01:06]} Rhc2+ {[%emt 0:00:27]} 50. Kd1 {[%emt 0:00:13]} Rb1+ {[%emt 0:05:30]} 51. Kxc2 {[%emt 0:02:02]} Rxf1 {[%emt 0:00:02]} 52. Rb7 {[%emt 0:00:56]} Rf4 {[%emt 0:00:42]} 53. Kd2 {[%emt 0:01:33]} g5 {[%emt 0:01:03]} 54. Ke3 {[%emt 0:00:15]} Rc4 {[%emt 0:04:08]} 55. Kf3 {[%emt 0:00:49]} g4+ {[%emt 0:01:44]} 56. Kg3 {[%emt 0:00:27]} Kf8 {[%emt 0:00:47]} 57. Kf2 {[%emt 0:02:50]} Re4 {[%emt 0:01:39]} 58. Kg3 {[%emt 0:00:58]} Ke8 {[%emt 0:00:40]} 59. Rg7 $19 {[%emt 0:00:25]} Kd8 {[%emt 0:01:40]} 0-1

[Event "WYCC 2018 G18"]
[Site "Halkidiki"]
[Date "2018.10.30"]
[Round "11"]
[White "Caballero Quijano, Mitzy Mishell"]
[Black "Salimova, Asal"]
[Result "1-0"]
[WhiteElo "1956"]
[BlackElo "1870"]
[Annotator "NA"]
[PlyCount "147"]
[EventDate "2018.10.20"]
[EventType "swiss"]
[EventCountry "GRE"]
[SourceTitle "playchess.com"]
[Source "ChessBase"]
[SourceQuality "1"]
[TimeControl "40/5400+30:1800+30"]

1. d4 {[%emt 0:02:21]} d6 {[%emt 0:00:00]} 2. Nf3 {[%emt 0:00:31]} g6 {[%emt 0:00:00]} 3. c4 {[%emt 0:00:04]} Bg7 {[%emt 0:00:00]} 4. g3 {[%emt 0:00:03]} Nd7 {[%emt 0:00:00]} 5. Bg2 {[%emt 0:00:18]} e5 {[%emt 0:00:00]} 6. Nc3 {[%emt 0:00:20]} Ne7 {[%emt 0:00:10]} 7. O-O {[%emt 0:00:22]} O-O {[%emt 0:00:05]} 8. dxe5 {[%emt 0:00:11]} dxe5 {[%emt 0:00:11] A41: 1 d4 d6: Tartakower System and Modern Defence} 9. Qc2 {[%emt 0:00:21]} (9. e4 Nc6 10. Bg5 f6 11. Be3 Nb6 12. b3 Bg4 13. Qxd8 Raxd8 14. Nd5 Rd7 15. h3 Bxf3 16. Bxf3 Nd4 17. Bxd4 exd4 {1-0 (52) Tregubov,P (2585)-Jumabayev,R (2611) Doha 2016}) 9... c6 {[%emt 0:01:21]} 10. Rd1 {[%emt 0:00:43]} Qc7 {[%emt 0:00:13]} 11. Ne4 {[%emt 0:01:19]} Nf6 {[%emt 0:02:12]} 12. Nd6 {[%emt 0:04:27]} Bf5 {[%emt 0:09:22]} 13. e4 $146 {[%emt 0:03:44]} ({Predecessor:} 13. Nxf5 Nxf5 14. e4 Ne7 15. c5 Rad8 16. Rxd8 Rxd8 {1-0 (31) Bispo,L (2158)-Crosa Coll,M (2382) Santos 2010}) 13... Bg4 {[%emt 0:00:09]} 14. c5 {[%emt 0:00:54]} Rad8 {[%emt 0:01:43]} 15. b3 {[%emt 0:11:14]} Ne8 {[%emt 0:05:37]} 16. Ba3 {[%emt 0:00:21]} Nc8 {[%emt 0:06:15]} 17. Nc4 {[%emt 0:01:01]} Qe7 {[%emt 0:05:51]} 18. Rxd8 {[%emt 0:02:11]} Qxd8 {[%emt 0:00:04]} 19. Nfxe5 {[%emt 0:01:15]} Qe7 {[%emt 0:04:29]} 20. Bb2 {[%emt 0:00:28]} Be6 {[%emt 0:00:30]} 21. b4 {[%emt 0:01:26]} Nc7 {[%emt 0:00:45]} 22. Nd3 {[%emt 0:05:40]} Rd8 {[%emt 0:01:10]} 23. Bxg7 {[%emt 0:00:11]} Kxg7 {[%emt 0:00:09]} 24. Ndb2 {[%emt 0:05:27]} Nb5 {[%emt 0:00:44]} 25. Re1 {[%emt 0:00:32]} Nd4 {[%emt 0:05:20]} 26. Qc3 {[%emt 0:00:31]} Kg8 {[%emt 0:00:10]} 27. a4 {[%emt 0:00:43]} b6 {[%emt 0:04:48]} 28. cxb6 {[%emt 0:04:08]} axb6 {[%emt 0:00:40]} 29. Ne3 {[%emt 0:03:22]} Qf6 {[%emt 0:00:46]} 30. Kf1 {[%emt 0:01:58]} c5 {[%emt 0:07:20]} 31. bxc5 {[%emt 0:00:49]} bxc5 {[%emt 0:00:04]} 32. Nd3 $18 {[%emt 0:03:07]} ({Don't do} 32. Qxc5 $6 Nb3 $16) 32... c4 {[%emt 0:03:59]} 33. e5 {[%emt 0:01:07]} Qg5 {[%emt 0:01:20]} 34. Nxc4 {[%emt 0:02:07]} Bxc4 {[%emt 0:05:07]} 35. Qxc4 {[%emt 0:00:06]} Qd2 {[%emt 0:00:30]} 36. Be4 {[%emt 0:03:44]} Kg7 {[%emt 0:06:01]} 37. Nf4 {[%emt 0:01:16]} Re8 {[%emt 0:05:39]} 38. Qc7 {[%emt 0:04:20]} Qb4 {[%emt 0:09:33]} 39. a5 {[%emt 0:01:33]} Ne7 {[%emt 0:01:33]} 40. a6 {[%emt 0:00:00]} Qb5+ {[%emt 0:00:00]} 41. Bd3 {[%emt 0:01:41]} Qc6 {[%emt 0:06:43]} 42. Qxc6 {[%emt 0:00:09]} Nexc6 {[%emt 0:00:05]} 43. Be4 {[%emt 0:10:45]} Rxe5 {[%emt 0:01:31]} 44. Bxc6 {[%emt 0:00:13]} Rxe1+ {[%emt 0:00:07]} 45. Kxe1 {[%emt 0:00:05]} Nxc6 {[%emt 0:00:02]} 46. Nd5 {[%emt 0:00:57]} f5 {[%emt 0:01:17]} 47. Kd2 {[%emt 0:00:06]} Kf7 {[%emt 0:00:37]} 48. Kc3 {[%emt 0:00:06]} Ke6 {[%emt 0:00:21]} 49. Nc7+ {[%emt 0:00:34]} Kd7 {[%emt 0:00:14]} 50. Nb5 {[%emt 0:00:05]} Kc8 {[%emt 0:00:06]} 51. Kc4 {[%emt 0:02:07]} Ne5+ {[%emt 0:01:21]} 52. Kc5 {[%emt 0:00:08]} g5 {[%emt 0:02:44]} 53. Nd6+ {[%emt 0:07:34]} Kb8 {[%emt 0:00:04]} 54. Nxf5 {[%emt 0:00:06]} Ka7 {[%emt 0:00:12]} 55. Kd4 {[%emt 0:00:30]} Ng4 {[%emt 0:00:31]} 56. f3 {[%emt 0:00:24]} Nxh2 {[%emt 0:00:08]} 57. Ke3 {[%emt 0:00:06]} h5 {[%emt 0:03:01]} 58. Ng7 {[%emt 0:10:19]} h4 {[%emt 0:02:11]} 59. g4 {[%emt 0:00:06]} Nf1+ {[%emt 0:00:17]} 60. Kf2 {[%emt 0:00:13]} Nd2 {[%emt 0:00:10]} 61. Ne6 {[%emt 0:00:11]} Kxa6 {[%emt 0:01:14]} 62. Nxg5 {[%emt 0:00:07]} Kb7 {[%emt 0:00:03]} 63. Ne4 {[%emt 0:01:26]} Nc4 {[%emt 0:00:38]} 64. g5 {[%emt 0:00:12]} Ne5 {[%emt 0:01:40]} 65. f4 {[%emt 0:00:12]} Ng6 {[%emt 0:00:23]} 66. f5 {[%emt 0:00:08]} Ne7 {[%emt 0:00:17]} 67. f6 {[%emt 0:02:18]} Ng6 {[%emt 0:00:04]} 68. Kf3 {[%emt 0:00:05]} Kc6 {[%emt 0:00:18]} 69. Kg4 {[%emt 0:00:06]} Kd5 {[%emt 0:01:49]} 70. Kf5 {[%emt 0:01:11]} h3 {[%emt 0:02:24]} 71. Kxg6 {[%emt 0:00:11]} Kxe4 {[%emt 0:00:03]} 72. f7 {[%emt 0:00:06]} h2 {[%emt 0:00:07]} 73. f8=Q {[%emt 0:00:07]} h1=Q {[%emt 0:00:15]} 74. Qa8+ {[%emt 0:00:07] Kd5} 1-0

[Event "WYCC 2018 G18"]
[Site "Halkidiki"]
[Date "2018.10.30"]
[Round "11"]
[White "Golsta, Madara"]
[Black "Hunt, Fikirte"]
[Result "0-1"]
[WhiteElo "1938"]
[BlackElo "1827"]
[Annotator "NA"]
[PlyCount "68"]
[EventDate "2018.10.20"]
[EventType "swiss"]
[EventCountry "GRE"]
[SourceTitle "playchess.com"]
[Source "ChessBase"]
[SourceQuality "1"]
[TimeControl "40/5400+30:1800+30"]

1. c4 Nf6 2. Nc3 d5 3. cxd5 Nxd5 4. Nf3 g6 5. Qa4+ Nc6 6. Ne5 Ndb4 7. a3 Nc2+ {A16: English Opening: 1...Nf6 with ...d5} 8. Qxc2 Nxe5 9. d4 Nd7 10. Bf4 c6 11. e3 $146 ({Predecessor:} 11. Rd1 Bg7 12. g3 O-O 13. Bg2 Qa5 14. O-O e5 15. dxe5 Nxe5 {1-0 (59) Kortschnoj,V (2610)-Berkes,F (2597) Paks 2007}) 11... Bg7 12. Be2 O-O 13. h4 e5 14. dxe5 Nxe5 15. Bg5 Qb6 16. h5 Be6 17. hxg6 hxg6 18. f3 Rac8 19. g4 Bd5 20. Rh3 Rfe8 21. Kf2 Qc5 22. Rc1 Bxf3 23. Bxf3 Nxf3 24. Bf4 Ne5 25. Kg3 Rcd8 26. b4 $19 Qe7 27. Rch1 Nd3 28. Qh2 Qf6 29. Ne2 Nxf4 30. exf4 Rd3+ 31. Kf2 Rxh3 32. Qxh3 Qb2 33. Qd3 Bd4+ 34. Kf1 Re3 0-1

[Event "WYCC 2018 G18"]
[Site "Halkidiki"]
[Date "2018.10.30"]
[Round "11"]
[White "Vlkova, Anezka"]
[Black "Nemcova, Kamila"]
[Result "1-0"]
[WhiteElo "1925"]
[BlackElo "1879"]
[Annotator "NA"]
[PlyCount "69"]
[EventDate "2018.10.20"]
[EventType "swiss"]
[EventCountry "GRE"]
[SourceTitle "playchess.com"]
[Source "ChessBase"]
[SourceQuality "1"]
[TimeControl "40/5400+30:1800+30"]

1. e4 {[%emt 0:00:00]} c5 {[%emt 0:00:00]} 2. Nc3 {[%emt 0:00:00]} Nc6 {[%emt 0:00:00]} 3. g3 {[%emt 0:00:00]} g6 {[%emt 0:00:00]} 4. Bg2 {[%emt 0:00:00]} Bg7 {[%emt 0:00:05]} 5. d3 {[%emt 0:00:00]} d6 {[%emt 0:00:16]} 6. Nge2 {[%emt 0:00:00]} Rb8 {[%emt 0:00:19]} 7. O-O {[%emt 0:01:28]} e6 {[%emt 0:03:27]} 8. a3 {[%emt 0:04:11]} b5 {[%emt 0:00:35]} 9. Be3 {[%emt 0:00:40]} b4 {[%emt 0:08:30]} 10. axb4 {[%emt 0:00:18]} cxb4 {[%emt 0:00:08]} 11. Na4 {[%emt 0:00:47]} Nge7 {[%emt 0:01:43]} 12. d4 {[%emt 0:01:37]} d5 {[%emt 0:07:26]} 13. e5 {[%emt 0:02:14]} Ba6 {[%emt 0:08:27]} 14. Nc5 {[%emt 0:05:07]} Bc4 {[%emt 0:01:47]} 15. Re1 {[%emt 0:12:59]} Qb6 {[%emt 0:03:49]} 16. b3 {[%emt 0:01:14]} Bb5 {[%emt 0:04:02]} 17. Bf1 {[%emt 0:08:39]} Nf5 {[%emt 0:06:02]} 18. Nf4 {[%emt 0:03:59]} Nxe3 {[%emt 0:16:45]} 19. fxe3 {[%emt 0:02:16]} Bxe5 {[%emt 0:15:39]} 20. Bxb5 {[%emt 0:09:40]} Qxb5 {[%emt 0:00:40]} 21. Nfxe6 {[%emt 0:13:26]} fxe6 {[%emt 0:02:14]} 22. Qg4 {[%emt 0:01:27]} Nd8 {[%emt 0:05:33]} 23. Rxa7 {[%emt 0:01:38]} Qb6 {[%emt 0:00:29]} 24. Ra6 {[%emt 0:01:25]} Qb5 {[%emt 0:05:38]} 25. Rxe6+ {[%emt 0:04:37]} Nxe6 {[%emt 0:05:51]} 26. Qxe6+ {[%emt 0:00:09]} Kd8 {[%emt 0:00:29]} 27. Qxe5 {[%emt 0:01:24]} Re8 {[%emt 0:01:07]} 28. Qxd5+ {[%emt 0:03:29]} Kc8 {[%emt 0:00:15]} 29. Rf1 {[%emt 0:04:24]} Rxe3 {[%emt 0:01:47]} 30. Rf8+ {[%emt 0:00:25]} Re8 {[%emt 0:00:28]} 31. Qe6+ {[%emt 0:01:51]} Kd8 {[%emt 0:01:14]} 32. Qd6+ {[%emt 0:01:53]} Kc8 {[%emt 0:00:03]} 33. Ne6 {[%emt 0:01:07]} Rb7 {[%emt 0:00:52]} 34. Qd8+ {[%emt 0:00:14]} Rxd8 {[%emt 0:00:13]} 35. Rxd8# {[%emt 0:00:06]} 1-0

[Event "WYCC 2018 G18"]
[Site "Halkidiki"]
[Date "2018.10.30"]
[Round "11"]
[White "Zairbek kyzy, Begimay"]
[Black "Afonasieva, Anna"]
[Result "0-1"]
[WhiteElo "1919"]
[BlackElo "2245"]
[Annotator "NA"]
[PlyCount "124"]
[EventDate "2018.10.20"]
[EventType "swiss"]
[EventCountry "GRE"]
[SourceTitle "playchess.com"]
[Source "ChessBase"]
[SourceQuality "1"]
[TimeControl "40/5400+30:1800+30"]

1. e4 {[%emt 0:00:00]} c6 {[%emt 0:00:00]} 2. Nf3 {[%emt 0:00:00]} d5 {[%emt 0:00:00]} 3. e5 {[%emt 0:00:00]} Bf5 {[%emt 0:00:21]} 4. Nh4 {[%emt 0:00:05]} Bd7 {[%emt 0:01:43]} 5. d4 {[%emt 0:00:09]} c5 {[%emt 0:00:46]} 6. c3 {[%emt 0:00:21]} Nc6 {[%emt 0:00:56]} 7. Be3 {[%emt 0:03:16]} Qb6 {[%emt 0:06:34]} 8. Qd2 {[%emt 0:01:19]} cxd4 {[%emt 0:07:26]} 9. cxd4 {[%emt 0:00:14]} e6 {[%emt 0:00:12]} 10. Be2 {[%emt 0:01:48]} f6 {[%emt 0:04:46]} 11. f4 {[%emt 0:04:40]} Be7 {[%emt 0:02:00]} 12. Nf3 {[%emt 0:02:54]} Nh6 {[%emt 0:03:07]} 13. h3 {[%emt 0:01:17]} O-O {[%emt 0:02:13]} 14. Nc3 {[%emt 0:02:14]} Rac8 {[%emt 0:01:16]} 15. Bd3 {[%emt 0:06:36]} fxe5 {[%emt 0:04:30]} 16. fxe5 {[%emt 0:02:18]} Nf5 {[%emt 0:00:22]} 17. Bf2 {[%emt 0:03:23]} Na5 {[%emt 0:01:25]} 18. Rc1 {[%emt 0:02:12]} Nc4 {[%emt 0:03:13]} 19. Bxc4 {[%emt 0:00:35]} Rxc4 {[%emt 0:00:04]} 20. O-O {[%emt 0:00:36]} Qd8 {[%emt 0:03:50]} 21. b3 {[%emt 0:03:21]} Rc6 {[%emt 0:08:32]} 22. Ne2 {[%emt 0:01:10]} Rxc1 {[%emt 0:01:34]} 23. Rxc1 {[%emt 0:00:49]} Bb5 {[%emt 0:00:48]} 24. Nc3 {[%emt 0:09:11]} Ba6 {[%emt 0:04:53]} 25. Na4 {[%emt 0:02:03]} b6 {[%emt 0:00:28]} 26. Qc3 {[%emt 0:01:07] [#]} Bg5 {[%emt 0:11:14]} (26... Be2 $1 $17 27. Qc7 Bxf3 28. Qxd8 Bxd8 29. gxf3 Bh4) 27. Rc2 {[%emt 0:02:28]} Bf4 {[%emt 0:01:25]} 28. Qc7 {[%emt 0:03:13]} Qxc7 {[%emt 0:02:09]} 29. Rxc7 {[%emt 0:00:13]} Rc8 {[%emt 0:00:33]} 30. Rxc8+ {[%emt 0:00:52]} Bxc8 {[%emt 0:00:04]} 31. Nc3 {[%emt 0:00:38]} Ba6 {[%emt 0:01:28]} 32. b4 {[%emt 0:01:08]} (32. g4 $15 Ne3 33. Bxe3 Bxe3+ 34. Kg2) 32... Bc4 {[%emt 0:04:23]} 33. a4 {[%emt 0:03:57]} Kf7 {[%emt 0:02:23]} 34. g4 {[%emt 0:02:06]} Ne3 {[%emt 0:01:52]} 35. Nd2 {[%emt 0:02:14]} Bd3 {[%emt 0:02:39]} 36. Nf3 {[%emt 0:01:49]} Nc2 {[%emt 0:03:39]} 37. b5 {[%emt 0:03:06]} h6 {[%emt 0:00:51]} 38. Bh4 {[%emt 0:03:42]} Bc1 {[%emt 0:08:42]} 39. Bf2 {[%emt 0:02:34]} Bc4 {[%emt 0:01:03]} 40. Kg2 {[%emt 0:00:00]} Bb3 {[%emt 0:00:00]} 41. Ng1 {[%emt 0:06:15]} Nb4 {[%emt 0:05:57]} 42. Nge2 {[%emt 0:00:36]} Bb2 {[%emt 0:04:15]} 43. Be3 {[%emt 0:01:27]} Nd3 {[%emt 0:06:13]} 44. Kf3 {[%emt 0:05:06]} Ba3 {[%emt 0:02:45]} 45. g5 {[%emt 0:05:55]} hxg5 {[%emt 0:01:34]} 46. Bxg5 {[%emt 0:00:13]} Bb4 {[%emt 0:00:51]} 47. Bd8 {[%emt 0:06:14]} Ke8 {[%emt 0:00:42]} 48. Bc7 {[%emt 0:02:06]} Kd7 {[%emt 0:00:07]} 49. Bb8 {[%emt 0:00:33]} Kc8 {[%emt 0:00:12]} 50. Ke3 {[%emt 0:03:27]} Nb2 {[%emt 0:01:00]} 51. Bd6 {[%emt 0:00:05]} Bxd6 {[%emt 0:01:43]} 52. exd6 {[%emt 0:00:07]} Kd7 {[%emt 0:00:08]} 53. Kf4 {[%emt 0:00:37]} Kxd6 {[%emt 0:00:17]} 54. Kg5 {[%emt 0:00:06]} Bc2 {[%emt 0:02:41]} 55. Nf4 {[%emt 0:01:04]} Nxa4 {[%emt 0:03:19]} 56. Na2 {[%emt 0:00:21]} (56. Nce2 {was the only defense.}) 56... Bb1 {[%emt 0:02:06]} 57. Nb4 {[%emt 0:00:39]} Nc3 {[%emt 0:00:14]} 58. Nh5 {[%emt 0:01:07]} Nxb5 {[%emt 0:00:44]} 59. Nxg7 {[%emt 0:00:19]} a5 {[%emt 0:00:13]} 60. Na6 {[%emt 0:00:29]} a4 {[%emt 0:01:10]} 61. Kf6 {[%emt 0:00:37]} a3 {[%emt 0:01:02]} 62. Nb4 $19 {[%emt 0:01:59]} Nxd4 {[%emt 0:00:11]} 0-1

[Event "WYCC 2018 G18"]
[Site "Halkidiki"]
[Date "2018.10.30"]
[Round "11"]
[White "Gillis Onieva, Celia"]
[Black "Chitlange Sakshi"]
[Result "0-1"]
[WhiteElo "1892"]
[BlackElo "2237"]
[Annotator "NA"]
[PlyCount "114"]
[EventDate "2018.10.20"]
[EventType "swiss"]
[EventCountry "GRE"]
[SourceTitle "playchess.com"]
[Source "ChessBase"]
[SourceQuality "1"]
[TimeControl "40/5400+30:1800+30"]

1. d4 {[%emt 0:00:00]} Nf6 {[%emt 0:00:00]} 2. c4 {[%emt 0:00:00]} e6 {[%emt 0:00:00]} 3. Nf3 {[%emt 0:00:08]} b6 {[%emt 0:02:00]} 4. g3 {[%emt 0:02:32]} Bb7 {[%emt 0:01:06]} 5. Bg2 {[%emt 0:00:36]} Bb4+ {[%emt 0:00:30]} 6. Bd2 {[%emt 0:02:41]} Be7 {[%emt 0:00:05]} 7. O-O {[%emt 0:02:53]} O-O {[%emt 0:00:18]} 8. Nc3 {[%emt 0:01:08]} d5 {[%emt 0:01:11]} 9. cxd5 {[%emt 0:02:19]} exd5 {[%emt 0:00:32]} 10. Bf4 {[%emt 0:00:42]} c5 {[%emt 0:06:26]} 11. Rc1 {[%emt 0:06:42] E18: Queen's Indian: Old Main Line (4 g3 Bb7 5 Bg2 Be7 6 0-0 0-0 7 Nc3)} (11. dxc5 bxc5 12. Ne5 Na6 13. Nc4 Qd7 14. Na5 Rad8 15. Nxb7 Qxb7 16. Qb3 Qc6 17. Rfd1 c4 18. Qb5 Qxb5 19. Nxb5 Rd7 20. b3 cxb3 21. axb3 {1-0 (33) Lenderman,A (2611)-Morrison,W (2334) Washington DC 2018}) 11... Nbd7 {[%emt 0:05:43] LiveBook: 9 Games} 12. Qa4 {[%emt 0:10:14]} a6 {[%emt 0:06:28]} 13. Rfd1 {[%emt 0:01:07]} b5 {[%emt 0:01:43]} 14. Qc2 {[%emt 0:01:30]} c4 $146 {[%emt 0:00:27]} ({Predecessor:} 14... b4 15. Na4 c4 16. Ne5 Nb6 17. Nc5 Bc8 18. Qd2 a5 19. a3 {1-0 (31) Zivanovic,I-Kovacevic,D Virovitica 1980}) 15. Nd2 {[%emt 0:07:30]} Nb6 {[%emt 0:08:09]} 16. e4 {[%emt 0:08:19]} dxe4 {[%emt 0:00:33]} 17. Ndxe4 {[%emt 0:00:27]} Nfd5 {[%emt 0:03:51]} 18. Nxd5 {[%emt 0:03:50]} Nxd5 {[%emt 0:04:03]} 19. Nc3 {[%emt 0:05:19]} Nb4 {[%emt 0:03:23]} 20. Qe2 {[%emt 0:11:43]} Bxg2 {[%emt 0:00:16]} 21. Kxg2 {[%emt 0:00:03]} Nd3 {[%emt 0:01:56]} 22. Rxd3 {[%emt 0:00:22]} cxd3 {[%emt 0:00:13]} 23. Qxd3 {[%emt 0:00:46]} b4 {[%emt 0:02:55]} 24. Ne4 {[%emt 0:03:04]} Qd5 {[%emt 0:03:23]} 25. Rc7 {[%emt 0:03:28]} f5 {[%emt 0:05:06]} 26. Rxe7 {[%emt 0:01:30]} Rae8 {[%emt 0:00:34]} 27. Re5 {[%emt 0:11:23]} Rxe5 {[%emt 0:01:05]} 28. Bxe5 {[%emt 0:00:09]} Qxe4+ {[%emt 0:01:43]} 29. Qxe4 {[%emt 0:00:47]} fxe4 {[%emt 0:00:02]} 30. Bd6 {[%emt 0:02:27]} Rd8 {[%emt 0:00:23]} 31. Bxb4 {[%emt 0:03:23]} Rxd4 {[%emt 0:00:02]} 32. Bc3 {[%emt 0:00:12]} Rd3 {[%emt 0:00:15]} 33. Kf1 {[%emt 0:01:05]} Kf7 {[%emt 0:00:18]} 34. Ke2 {[%emt 0:00:53]} g6 {[%emt 0:00:27]} 35. h4 {[%emt 0:00:35]} Ke6 {[%emt 0:00:16]} 36. Bg7 {[%emt 0:00:57]} Kd5 {[%emt 0:01:15]} 37. Bc3 {[%emt 0:00:25]} Kc4 {[%emt 0:00:09]} 38. Ba5 {[%emt 0:01:21]} Kb5 {[%emt 0:01:04]} 39. Bc3 {[%emt 0:00:05]} a5 {[%emt 0:00:11]} 40. Bf6 {[%emt 0:00:00]} a4 {[%emt 0:00:00]} 41. Be7 {[%emt 0:09:58]} Kc4 {[%emt 0:06:03]} 42. Bf8 {[%emt 0:04:36]} Rd8 {[%emt 0:00:59]} 43. Bg7 {[%emt 0:05:15]} Rd7 {[%emt 0:00:27]} 44. Bf6 {[%emt 0:01:47]} Kd5 {[%emt 0:00:35]} 45. Bc3 {[%emt 0:04:41]} Ke6 {[%emt 0:01:57]} 46. Ke3 {[%emt 0:04:20]} Kf5 {[%emt 0:00:08]} 47. Bb4 {[%emt 0:01:11]} Rd3+ {[%emt 0:00:46]} 48. Ke2 {[%emt 0:00:04]} Kg4 {[%emt 0:00:11]} 49. Bc5 {[%emt 0:00:23]} Rd5 {[%emt 0:00:41]} 50. Bb4 {[%emt 0:02:05]} Rd4 {[%emt 0:00:48]} 51. Bc3 {[%emt 0:01:25]} Rc4 {[%emt 0:00:14]} 52. Be5 {[%emt 0:04:36]} Rc1 {[%emt 0:04:49]} 53. Ke3 {[%emt 0:00:34]} Re1+ {[%emt 0:00:23]} 54. Kd2 {[%emt 0:00:01]} Ra1 {[%emt 0:00:28]} 55. a3 {[%emt 0:00:44]} Kf3 {[%emt 0:00:16]} 56. b3 {[%emt 0:02:22]} Ra2+ {[%emt 0:00:30]} 57. Ke1 {[%emt 0:00:29]} axb3 {[%emt 0:00:12]} 0-1